000 00850nam a2200253Ia 4500
003 OSt
005 20220930194000.0
006 a|||||r|||| 00| 0
007 ta
008 220926b |||||||| |||| 00| 0 eng d
024 _a12219
037 _cDissertations
040 _aCRL
_cCRL
_beng
041 _2eng
_aeng
100 _aAlka Singh
_9306223
110 _aUniversity of Delhi. Faculty of Medical Sciences. Department of Obstetrics and Gynaecology
245 0 _aCo/sub 2/Laser in the management of cervical intraepithelial neoplasia (CIN)
260 _c1992
650 _aWOMEN - DISEASES
700 _a Dr Uma Rai Supervisor
_9520205
700 _aUniversity of Delhi. Faculty of Medical Sciences. Department of Obstetrics and Gynaecology
942 _cDIS
_2CC
999 _c897173
_d897173